Measures of potential output <an> application to Israel

Saved in:
Bibliographic Details
Main Author: Scacciavillani, Fabio
Other Authors: Swagel, Philip
Format: Book
Language:English
Published: Washington IMF 1999
Series:IMF working paper W/99/96
Subjects:
Tags: Add Tag
No Tags, Be the first to tag this record!

MARC

LEADER 00000nam a2200000 4500
001 c116293
005 20221221082933.3
041 0 |a eng 
044 |a US 
245 1 0 |a Measures of potential output  |b <an> application to Israel  |c Prepared by Fabio Scacciavillani and Philip Swagel 
264 1 |a Washington  |b IMF  |c 1999 
300 |a 28 s. 
490 1 |a IMF working paper  |v W/99/96 
830 0 |a IMF working paper  |v W/99/96 
610 2 0 |a výroba 
610 2 0 |a meranie produkcie 
610 2 0 |a rast hospodársky 
610 2 0 |a cykly hospodárske 
610 2 0 |a Izrael 
100 1 |a Scacciavillani, Fabio 
700 1 |a Swagel, Philip